| 000 | 00839nab a2200253 u 4500 | ||
|---|---|---|---|
| 001 | 19287 | ||
| 003 | HDC | ||
| 007 | cr bn ---aaaaa | ||
| 008 | 210228c20111206xx dr|noo 0 a eng d | ||
| 040 | _aHDC | ||
| 245 | 0 | _aUSA: Porcine Detection Kits for the Halal Food Certification Industry | |
| 260 |
_a[No place] : _b[publisher not identified], _c2011 |
||
| 300 | _a1 online resource | ||
| 336 |
_atext _2rdacontent |
||
| 337 |
_acomputer _2rdamedia |
||
| 338 |
_aonline resource _2rdacarrier |
||
| 650 |
_aHalal food _950 |
||
| 650 |
_aPorcine Detection Kits _917756 |
||
| 710 | _aHalal Focus | ||
| 856 | _zRequest full-text at [email protected] | ||
| 942 | _2lcc | ||
| 942 | _cNEWS | ||
| 942 | _kNWSO 006204 | ||
| 999 |
_c16603 _d16603 |
||